Obras completas / (Record no. 120218)

MARC details
000 -LEADER
campo de control de longitud fija 00703nam a2200229 4500
001 - NÚMERO DE CONTROL
campo de control 120218
003 - IDENTIFICADOR DE NÚMERO DE CONTROL
campo de control ES-MaACL
005 - FECHA Y HORA DE LA ÚLTIMA TRANSACCIÓN
campo de control 20230906191505.0
007 - CAMPO FIJO DE DESCRIPCIÓN FÍSICA--INFORMACIÓN GENERAL
campo de control de longitud fija t|
008 - DATOS DE LONGITUD FIJA--INFORMACIÓN GENERAL
campo de control de longitud fija 070214m19561958sp r ||||1| spa d
100 1# - ENTRADA PRINCIPAL--NOMBRE DE PERSONA
Nombre de persona Pirandello, Luigi.
9 (RLIN) 92338
245 10 - MENCIÓN DEL TÍTULO
Título Obras completas /
Mención de responsabilidad, etc. Luigi Pirandello ; [traducción de Ildefonso Grande y Manuel Bosch Barrett].
250 ## - MENCION DE EDICION
Mención de edición 1ª ed.
260 ## - PUBLICACIÓN, DISTRIBUCIÓN, ETC.
Lugar de publicación, distribución, etc. Barcelona :
Nombre del editor, distribuidor, etc. José Janés,
Fecha de publicación, distribución, etc. 1956-58.
300 ## - DESCRIPCIÓN FÍSICA
Extensión 2 v. ;
Dimensiones 18 cm.
490 1# - MENCIÓN DE SERIE
Mención de serie Los clásicos del siglo XX
700 1# - ENTRADA AGREGADA--NOMBRE PERSONAL
Nombre de persona Grande, Ildefonso.
9 (RLIN) 59585
700 1# - ENTRADA AGREGADA--NOMBRE PERSONAL
Nombre de persona Bosch Barrett, Manuel.
9 (RLIN) 30649
830 0# - PUNTO DE ACCESO ADICIONAL DE SERIE-TÍTULO UNIFORME
Título uniforme Los clásicos del siglo XX
9 (RLIN) 183579
852 ## - LOCALIZACIÓN
Ubicación ES-MaACL
Número de control de estantería E-3827-8
Holdings
Estatus retirado Estado de pérdida Estado de daño No para préstamo Biblioteca de origen Biblioteca actual Ubicación en estantería Fecha de adquisición Fuente de adquisición Total de préstamos Signatura topográfica completa Código de barras Visto por última vez Precio de reemplazo Tipo de ítem Koha
        Biblioteca del Ateneo de Madrid Biblioteca del Ateneo de Madrid Depósito 2 17/01/2008     E-3827-8 1125307 23/02/2023 23/02/2023 Libro impreso